Music Quiz / f(x) Picture Quiz (4WALLS)

Random Music or Kpop Quiz

Results

Quiz not verified by Sporcle

Score 0/4 Timer 00:30
0 Plays Today
% Correct
Amber
96%
Luna
94.1%
Krystal
93.8%
Victoria
90.3%
 
Number % Answered
4 (all)
89.7%
3
6.2%
2
2.6%
1
1.5%

You're not logged in!

Compare scores with friends on all Sporcle quizzes.
Sign Up with Email
OR
Log In

You Might Also Like...

Show Comments

Extras


Your Account Isn't Verified!

In order to create a playlist on Sporcle, you need to verify the email address you used during registration. Go to your Sporcle Settings to finish the process.